LEADER 00837nam a2200193 i 4500 001 000000224538 003 CaOOAMICUS 005 20131105000000.0 008 131105s1837 it u000 u lat u 013 $a203436 040 $aSeMil$bita 245 10$aTomus 86. 300 $a510 p. 773 0 $aGuillon, Marie Nicolas Sylvestre <1760-1847>$tCollectio selecta SS. Ecclesiae Patrum, complectens exquisitissima opera tum dogmatica et moralia, tum apologetica et oratoria; accurantibus D. Caillau ... una cum D.M.N.S. Guillon ..$dParisiis : Apud Méquignon-Havard, 1829-1840 (Parisiis : Typis Decourchant)$g86$w()28977 850 $aSeMil 852 $aSeMil$W1$xVenegono$y1$m2S II 86 FA$j174884$B174884$CSeMilBibl$Z2$F184884 $8I 941 1 $a10 961 $aRecupero: Mantegazza 996 $6245$aTomus 86$9(OLS)http://semarc/title/321797 LEADER 01129nam a2200265 i 4500 001 000000130900 003 CaOOAMICUS 005 20260304145029.0 008 050420s2004 it u000 u ita u 020 $a88-02-06084-3 040 $aSeMil$bita 100 1 $aDossi, Carlo,$d<1849-1910>.$0(OLS)http://semarc/name/47144 245 10$aOpere scelte di Carlo Dossi /$ca cura di Folco Portinari. 264 1$aTorino :$bUnione Tipografico-Editrice Torinese,$c2004. 300 $a853 p., [6] c. di tav. ;$c24 cm. 490 1 $aClassici Italiani 700 1 $aPortinari, Folco,$d<1926-2019>.$0(OLS)http://semarc/name/7143 830 0$aClassici Italiani .$0(OLS)http://semarc/title/16424 850 $aSeMil 852 $aSeMil$W1$xVenegono$y1$m1G I 41$j238601$B84917$CSeMilBibl$Z2$F88705 $81 961 $aSottoscrizione: UTET (Agente) 996 $6020$a88-02-06084-3$9(OLS)http://semarc/number/117820 996 $6245$aOpere scelte di Carlo Dossi$9(OLS)http://semarc/title/192708 996 $6264$aTorino :$bUnione Tipografico-Editrice Torinese$9(OLS)http://semarc/publisher/29628